000 00536nam a2200181Ia 4500
999 _c34335
_d34335
003 OSt
005 20200918102542.0
008 190216s9999||||xx |||||||||||||| ||und||
020 _a9788126521432
040 _coclc
082 _a620.11
_bCAL/C
100 _aCallister, William D
_94722
245 0 _aCallister's Materials Science And Engineering /
_cWilliam D Callister
260 _bWiley India,
_c2011.
_aNew Delhi:
300 _a827p
650 _aPhysics
942 _cBK
_2ddc
_h620.11
_iCAL/C
_k620.11
_mCAL/C